000 00691nam a2200229Ia 4500
001 9044
003 GE_BSU
008 181216s||||||||xx |||||||||||||| ||und||
040 _cGE_BSU
080 _a821.353.1-1-2
100 _aკლდიაშვილი,სერგო
245 _aმარტოობა
245 _bპიესა 7 სურათად.
245 _cრედ:შალვა აფხაიძე;მხატვ:ალ.ჭედია
260 _aთბილისი.
260 _bხელოვნება
260 _c1958
300 _a68გვ;18სმ
653 _aმარტოობა
653 _aპიესა
942 _cBK
999 _c42348
_d42348